|
|
|
|
| LEADER |
01015nam a2200253 i 4500 |
| 001 |
4995387 |
| 003 |
GR-PaULI |
| 005 |
20240715133423.0 |
| 008 |
990621s1990 enk g 001 0 eng d |
| 010 |
|
|
|a 99027722
|
| 020 |
|
|
|a 0747406855
|
| 040 |
|
|
|a DLC
|c DLC
|d GR-PaULI
|b gre
|e AACR2
|
| 082 |
0 |
4 |
|a 915.104
|2 23
|
| 100 |
1 |
|
|a Fleming, Peter,
|d 1907-1971,
|9 204340
|e συγγραφέας.
|
| 245 |
1 |
0 |
|a News from Tartary :
|b a journey from Peking to Kashmir /
|c Peter Fleming.
|
| 260 |
|
|
|a London :
|b Cardinal,
|c c1990.
|
| 300 |
|
|
|a 394 σ. ;
|c 21 εκ.
|
| 500 |
|
|
|a Περιλαμβάνει ευρετήριο.
|
| 651 |
|
4 |
|a Κίνα
|x Περιγραφή και ταξίδια.
|9 110110
|
| 651 |
|
4 |
|a Ινδία
|x Περιγραφή και ταξίδια.
|9 182500
|
| 942 |
|
|
|2 ddc
|c BK
|
| 952 |
|
|
|0 0
|1 0
|2 ddc
|4 0
|6 915_104000000000000_FLE
|7 0
|9 381998
|a LISP
|b LISP
|c BSC
|d 2024-07-15
|i 367028
|l 0
|o 915.104 FLE
|p 025000311969
|r 2024-07-15 00:00:00
|t 1
|w 2024-07-15
|y BK15
|
| 998 |
|
|
|c ΜΙΧΟΣΤΑΥΡΟΥ
|d 2024-06
|
| 999 |
|
|
|c 221596
|d 221596
|